| 000 | 00533nam a22001817a 4500 | ||
|---|---|---|---|
| 005 | 20230330022737.0 | ||
| 008 | 230328b |||||||| |||| 00| 0 eng d | ||
| 020 | _a978-1-1113-0741-7 | ||
| 082 | _a629.287 T475 2014 | ||
| 100 |
_aThompson, Rob _eauthor |
||
| 245 |
_aAutomotive maintenance and light repair / _cRob Thompson |
||
| 250 | _a2nd ed. | ||
| 260 |
_aAustralia: _bCengage Learning, _cc2014. |
||
| 300 |
_ax, 806p.: _bcol. ill. |
||
| 504 | _aIncludes index | ||
| 541 | _e4209 | ||
| 650 | _aAutomobiles - Maintenance and repair | ||
| 999 |
_c1998 _d1998 |
||